000 01424nam a22002777a 4500
001 1503
003 CO-MdFUSB
005 20180622072715.0
008 170405t1981 s ||||| |||| 00| 0 s d
020 _a84-7057-295-4
040 _aCO-MdFUSB
_bspa
_cCO-MdFUSB
_dCO-MdFUSBC
_erda
041 0 _aspa
082 0 4 _aG 209 E421t
100 1 _aEliade, Mircea (1907-)
_eautor
245 1 0 _aTratado de historia de las religiones
_b : Morfología y dialéctica de lo sagrado
_c/ Mircea Eliade; A. Medinaveitia, Traductor
250 _a2
264 4 _aHuesca, Madrid, España :
_b Cristiandad
_c©1981
300 _a464 Pag.
336 _2rdacontent
_a1
_ba1
337 _2rdamedia
_a2
_b5
338 _2rdacarrier
_a2
_b5
500 _aTítulo original : Traité d'histoire des religions
505 0 0 _aAproximaciones: estructura y morfología de lo sagrado -- el cielo: dioses uránicos, ritos y símbolos celestes -- el sol y los cultos solares -- la luna y la mística lunar -- las aguas y el simbolismo acuático -- las piedras sagradas: epifanías, signos y formas -- la tierra, la mujer y la fecundidad -- la vegetación. Símbolos y ritos de renovación -- la agricultura y cultos de la fertilidad -- el espacio sagrado: templo, palacio, "centro del mundo" -- el tiempo sagrado y el mito del eterno retorno -- morfología y función de los mitos -- estructura de los símbolos
650 7 _aReligiones
_9386
942 _cBK
999 _c32823
_d32823